Lịch sử tư tưởng kinh tế; T1

Guardado en:
Detalles Bibliográficos
Autor principal: I D Dansov
Formato: Libro
Lenguaje:Undetermined
Publicado: Hà Nội KHXH 1973
Materias:
Etiquetas: Agregar Etiqueta
Sin Etiquetas, Sea el primero en etiquetar este registro!
Thư viện lưu trữ: Trung tâm Học liệu Trường Đại học Cần Thơ
LEADER 00504nam a2200181Ia 4500
001 CTU_5567
008 210402s9999 xx 000 0 und d
082 |a 330.01 
082 |b U18/T1 
100 |a I D Dansov 
245 0 |a Lịch sử tư tưởng kinh tế; T1 
245 0 |c I D Dansov 
260 |a Hà Nội 
260 |b KHXH 
260 |c 1973 
650 |a economics - history 
904 |i Nguyễn Quang Điền, 960723 
980 |a Trung tâm Học liệu Trường Đại học Cần Thơ